Compendio histórico de los Estados Unidos : un recorrido por sus documentos fundamentales /
Reconstrucción del devenir histórico de Estados Unidos, a través de la reproducción de documentos centrales para la vida de la nación, como el Pacto de Mayflower, la Declaración de Independencia, la Declaración de Derechos, la Proclama de Emancipación, por citar algunos. Cada documento es comentado...
Guardado en:
| Hovedforfatter: | |
|---|---|
| Format: | Bog |
| Sprog: | spansk |
| Udgivet: |
México :
Fondo de Cultura Económica,
1997, c1997
|
| Serier: | (Sección de Obras de Historia)
|
| Fag: | |
| Tags: |
Ingen Tags, Vær først til at tagge denne postø!
|
MARC
| LEADER | 00000nam^a2200000^a^4500 | ||
|---|---|---|---|
| 001 | 000113807 | ||
| 005 | 20250521000000.0 | ||
| 009 | 20260310093956.277 | ||
| 020 | |a 968-16-4674-6 | ||
| 037 | |a Acervo ITESO - Biblioteca | ||
| 041 | |a ESP | ||
| 082 | |a 973. |b BOO | ||
| 100 | |a Boorstin, Daniel J. |e (comp.) | ||
| 245 | 1 | 0 | |a Compendio histórico de los Estados Unidos : |b un recorrido por sus documentos fundamentales / |c Comp. de D.J. Boorstin ; tr. por Carlos Avila Flores. |
| 264 | 4 | |a México : |b Fondo de Cultura Económica, |c 1997, c1997 | |
| 300 | |a 754 p. | ||
| 336 | |a texto |b txt |2 rdacontenido | ||
| 337 | |a sin mediación |b n |2 rdamedio | ||
| 338 | |a volumen |b nc |2 rdasoporte | ||
| 440 | 1 | |a (Sección de Obras de Historia) | |
| 500 | |a Traducción de: An America Primer | ||
| 520 | |a Reconstrucción del devenir histórico de Estados Unidos, a través de la reproducción de documentos centrales para la vida de la nación, como el Pacto de Mayflower, la Declaración de Independencia, la Declaración de Derechos, la Proclama de Emancipación, por citar algunos. Cada documento es comentado detenidamente. | ||
| 649 | |a XX | ||
| 650 | |a EUA - |x Historia - |x Documentos | ||
| 650 | |a Política - |z EUA - |x Historia | ||
| 910 | |a Fondo General | ||
| 920 | |a Impresos - Libros | ||
| 930 | |a Colección General | ||
| 905 | |a 101 | ||
| 901 | |a 0500049721 |b IT1 |c ACC |u 20250521 | ||
| 901 | |a 0500098005 |b IT1 |c ACC |u 20250521 | ||
| 902 | |a https://opac.biblio.iteso.mx/vufind/Record/000113807 | ||